| 000 | 01038cam a22002414a 4500 | ||
|---|---|---|---|
| 005 | 20250605164206.0 | ||
| 008 | 250528s ||||||||||||||||||||||||d | ||
| 035 | _a19929 | ||
| 020 | _a9608271053 | ||
| 040 |
_aGR-AtMCL _bgre _dGR-AtMCL _eAACR2 |
||
| 245 | 1 | _aΔιαφορικός Ολοκληρωτικός Λογισμός / Μαθηματικά Ι Τόμος Β | |
| 260 |
_bΔηρός, _c2001 |
||
| 300 | _a576 | ||
| 520 | _aΠραγματικές Συναρτήσεις, όρια και Συνέχεια Συναρτήσεων, Παράγωγοι, Εφαρμογές Παράγωγων, Ολοκληρώματα, Εφαρμογές του Ορισμένου Ολοκληρώματος, Σειρες, Οικονομικές Εφαρμογές, Πίνακες. | ||
| 700 | 1 |
_aΔημητρακούλης Δ _92781 |
|
| 700 | 1 |
_aΘεοδώρου Ι _96082 |
|
| 700 | 1 |
_aΚικίλιας Π _96083 |
|
| 700 | 1 | _aΚουρής Ν | |
| 700 | 1 |
_aΠαλαμούρδας Δ _92785 |
|
| 942 | _cBK | ||
| 999 |
_c5169 _d5169 |
||